00376nam a2200157Ia 4500008004000000041000800040082001300048100001100061245003400072260005400106650001300160650001400173650001100187650000800198700001200206210210b1927 xxu||||| |||| 00| 0 eng d aeng a822/1230 aTREBLE aNarrative essays and sketches aLondonbGeorge G Harrap and Company Limitedc1927 asketches aNarrative aessays aand aVALLINS